A estudiar se aprende: metodología de estudio sesión por sesión
Uloženo v:
| Hlavní autoři: | , , |
|---|---|
| Médium: | Kniha |
| Jazyk: | španělština |
| Vydáno: |
Santiago
Universidad Católica de Chile
1998
|
| Vydání: | 2a. ed |
| Edice: | Aprendizaje
|
| Témata: | |
| Tagy: |
Přidat tag
Žádné tagy, Buďte první, kdo vytvoří štítek k tomuto záznamu!
|
MARC
| LEADER | 00000nam a2200000 a 4500 | ||
|---|---|---|---|
| 001 | UCQ3429 | ||
| 003 | CL-VaPUC | ||
| 008 | 980821e19980000CL |||||||||||||||||spa|d | ||
| 082 | 0 | 4 | |a 371.302 |b GAR |2 21 |
| 100 | |a García-Huidobro Barros, Cecilia |e author |9 486435 | ||
| 700 | 0 | |a Gutiérrez Gutiérrez, María Cristina |e author |9 417565 | |
| 700 | 0 | |a Condemarín Grimberg, Eliana |e author |9 417566 | |
| 245 | 1 | 0 | |a A estudiar se aprende: metodología de estudio sesión por sesión |
| 250 | |a 2a. ed | ||
| 300 | |a 152 p | ||
| 942 | |c BK | ||
| 945 | |d 19980821 00:00:00 |a aarredon | ||
| 260 | |a Santiago |b Universidad Católica de Chile |c 1998 | ||
| 650 | 0 | |a Métodos de estudio |9 260518 | |
| 650 | 0 | |a Aprendizaje |9 254827 | |
| 650 | 0 | |a Memoria |9 266549 | |
| 650 | 0 | |a Lectura |9 307634 | |
| 650 | 0 | |a Escritura |9 264941 | |
| 583 | |a last modification |c 19980821 00:00:00 |k Rodrigo Vera | ||
| 490 | 0 | |a Aprendizaje | |
| 999 | |c 274009 |d 274007 | ||
| 952 | |0 0 |1 0 |4 0 |6 371_302000000000000_GAR_1998 |7 0 |8 A |9 310046 |a BIBEDU |b BIBEDU |d 2019-11-20 |i 3455378 |o 371.302 GAR 1998 |p 3455378 |r 2019-11-20 |w 2019-11-20 |y BK |k LIT | ||
| 952 | |0 0 |1 0 |4 0 |6 371_302000000000000_GAR_1998 |7 0 |8 A |9 310047 |a BIBEDU |b BIBEDU |d 2019-11-20 |i 3638057 |o 371.302 GAR 1998 |p 3638057 |r 2019-11-20 |w 2019-11-20 |y BK |k BME | ||